| 000 | 006460000a22002170004500 | ||
|---|---|---|---|
| 003 | LK-CoMWRAF | ||
| 008 | 230817t ||||| |||| 00| 0 eng d | ||
| 020 | _a0253204232 | ||
| 040 |
_aLK-CoMWRAF _dLK-CoMWRAF _eLK-CoMWRAF |
||
| 041 | _aeng | ||
| 082 |
_a170 _bMER |
||
| 100 | _aMernissi,Fatima | ||
| 245 |
_aBeyond the Veil _bMale-Female Dynamics in Modern Muslim Society |
||
| 260 |
_bIndiana University Press _aLondon _c1987 |
||
| 300 | _ap.200 | ||
| 650 | _aFemale Sexuality | ||
| 650 | _aModernization on Male-Female Dynamics | ||
| 650 | _aSex and Marriage Before Islam | ||
| 650 | _aWomen's Liberation in Muslim Countries | ||
| 942 | _cBK | ||
| 999 |
_c313 _d313 |
||